A la recerca del temps perdut / (Record no. 9861)

MARC details
000 -LEADER
campo de control de longitud fija 00995nam a2200253 i 4500
001 - NÚMERO DE CONTROL
campo de control 9861
003 - IDENTIFICADOR DE NÚMERO DE CONTROL
campo de control ES-MaACL
005 - FECHA Y HORA DE LA ÚLTIMA TRANSACCIÓN
campo de control 20250802101814.0
007 - CAMPO FIJO DE DESCRIPCIÓN FÍSICA--INFORMACIÓN GENERAL
campo de control de longitud fija t|
008 - DATOS DE LONGITUD FIJA--INFORMACIÓN GENERAL
campo de control de longitud fija 940314m19901991sp ||||1| cat d
020 ## - NÚMERO INTERNACIONAL ESTÁNDAR DEL LIBRO
Número Internacional Estándar del Libro 84-7809-202-1
080 ## - NÚMERO DE LA CLASIFICACIÓN DECIMAL UNIVERSAL
Número de la Clasificación Decimal Universal 84-311.1/2"18/19"
080 ## - NÚMERO DE LA CLASIFICACIÓN DECIMAL UNIVERSAL
Número de la Clasificación Decimal Universal 84(Proust,M.7 R.03=499)
100 1# - ENTRADA PRINCIPAL--NOMBRE DE PERSONA
Nombre de persona Proust, Marcel,
Fechas asociadas al nombre 1871-1922
9 (RLIN) 94056
245 10 - MENCIÓN DEL TÍTULO
Título A la recerca del temps perdut /
Mención de responsabilidad, etc. Marcel Proust ; traducció de Jaume Vidal Alcover, [con la colaboración en el vol. III de] M. Aurèlia Capmany.
250 ## - MENCION DE EDICION
Mención de edición 1ª ed.
260 ## - PUBLICACIÓN, DISTRIBUCIÓN, ETC.
Lugar de publicación, distribución, etc. Barcelona :
Nombre del editor, distribuidor, etc. Columna,
Fecha de publicación, distribución, etc. 1990-1991.
300 ## - DESCRIPCIÓN FÍSICA
Extensión 3 v. ;
Dimensiones 24 cm.
505 8# - NOTA DE CONTENIDO CON FORMATO
Nota de contenido con formato I. Pel cantó de Swann ; A l'ombra de les noies en flor -- II. El cantó de Guermantes ; Sodoma i Gomorra -- III. La presonera ; Albertine desapareguda ; El temps retrobat
700 1# - ENTRADA AGREGADA--NOMBRE PERSONAL
Nombre de persona Vidal Alcover, Jaume.
9 (RLIN) 114465
700 1# - ENTRADA AGREGADA--NOMBRE PERSONAL
Nombre de persona Capmany, Maria Aurèlia,
Fechas asociadas al nombre 1918-1991
9 (RLIN) 34865
852 ## - LOCALIZACIÓN
Ubicación ES-MaACL
Número de control de estantería L-17293-5
Sublocalización o colección R.121929
Holdings
Estatus retirado Estado de pérdida Estado de daño No para préstamo Biblioteca de origen Biblioteca actual Ubicación en estantería Fecha de adquisición Fuente de adquisición Total de préstamos Signatura topográfica completa Código de barras Visto por última vez Precio de reemplazo Tipo de ítem Koha
        Biblioteca del Ateneo de Madrid Biblioteca del Ateneo de Madrid Depósito 2 17/01/2008     L-17293-5 1010067 23/02/2023 23/02/2023 Libro impreso